<?xml version="1.0" encoding="UTF-8"?>
<record
    xmlns:xsi="http://www.w3.org/2001/XMLSchema-instance"
    xsi:schemaLocation="http://www.loc.gov/MARC21/slim http://www.loc.gov/standards/marcxml/schema/MARC21slim.xsd"
    xmlns="http://www.loc.gov/MARC21/slim">

  <leader>01558nam a22002057a 4500</leader>
  <controlfield tag="003">IT-MiCISF</controlfield>
  <controlfield tag="005">20250411112619.0</controlfield>
  <controlfield tag="008">180709b           ||||| |||| 00| 0 eng d</controlfield>
  <datafield tag="040" ind1=" " ind2=" ">
    <subfield code="c">IT-MiCISF</subfield>
  </datafield>
  <datafield tag="041" ind1=" " ind2=" ">
    <subfield code="a">it</subfield>
  </datafield>
  <datafield tag="100" ind1=" " ind2=" ">
    <subfield code="a">Poletti Silvia</subfield>
    <subfield code="9">57298</subfield>
  </datafield>
  <datafield tag="245" ind1=" " ind2=" ">
    <subfield code="a">Docenti Smart. Metodo BAM: Basta Alzare le Mani.</subfield>
    <subfield code="b">Diventare eduformatori e prevenire il bullismo</subfield>
  </datafield>
  <datafield tag="260" ind1=" " ind2=" ">
    <subfield code="a">Cinisello B. (MI),</subfield>
    <subfield code="b">San Paolo, </subfield>
    <subfield code="c">2018</subfield>
  </datafield>
  <datafield tag="300" ind1=" " ind2=" ">
    <subfield code="a">pp. 138</subfield>
  </datafield>
  <datafield tag="500" ind1=" " ind2=" ">
    <subfield code="a">scuola, educazione, problemi-educazione</subfield>
  </datafield>
  <datafield tag="520" ind1=" " ind2=" ">
    <subfield code="a">Questo libro parte dalla necessit&#xE0; di docenti ed educatori di mettere a punto un nuovo modello eduformativo: BAM - Basta Alzare Le Mani significa mettere in discussione uno dei gesti pi&#xF9; tradizionali che si imparano a scuola, l'alzata di mano per ottenere la parola. Dobbiamo aiutare i bambini e i ragazzi a comprendere quando &#xE8; il loro momento di intervenire, rispettando se stessi e gli altri. Acquisire competenze come l'ascolto, l'autoregolazione emotiva, l'autonomia, sviluppa sensibilit&#xE0; e senso di responsabilit&#xE0; che portano, di conseguenza, una seria e concreta prevenzione del fenomeno del bullismo. Ai docenti vengono offerti gli strumenti pratici di progettazione educativa e didattica (il testo propone elementi di problem solving, mappe di lavoro e giochi da realizzare in classe) per trovare un diverso modo di insegnare, tenendo conto dei differenti tipi d'intelligenza dei bambini e diventando per loro adulti affascinanti, da cui imparare ad imparare.</subfield>
  </datafield>
  <datafield tag="650" ind1=" " ind2=" ">
    <subfield code="a">scuola</subfield>
    <subfield code="9">56165</subfield>
  </datafield>
  <datafield tag="654" ind1=" " ind2=" ">
    <subfield code="a">saggio</subfield>
  </datafield>
  <datafield tag="942" ind1=" " ind2=" ">
    <subfield code="2">ddc</subfield>
    <subfield code="c">BK</subfield>
  </datafield>
  <datafield tag="999" ind1=" " ind2=" ">
    <subfield code="c">357944</subfield>
    <subfield code="d">357944</subfield>
  </datafield>
  <datafield tag="952" ind1=" " ind2=" ">
    <subfield code="0">0</subfield>
    <subfield code="1">0</subfield>
    <subfield code="2">ddc</subfield>
    <subfield code="4">0</subfield>
    <subfield code="6">A_2267_000000000000000</subfield>
    <subfield code="7">1</subfield>
    <subfield code="a">CISF</subfield>
    <subfield code="b">CISF</subfield>
    <subfield code="d">2018-07-09</subfield>
    <subfield code="l">0</subfield>
    <subfield code="o">a2267</subfield>
    <subfield code="p">9788892214422</subfield>
    <subfield code="r">2018-07-09 00:00:00</subfield>
    <subfield code="w">2018-07-09</subfield>
    <subfield code="y">BK</subfield>
  </datafield>
</record>
